000 01228nam a22002897a 4500
999 _c117541
_d117541
003 0
005 20190226152232.0
008 0
010 _aB-037100
020 _c130.00
_a8126305932
035 _aB-037100,B-037102, B-037122
037 _bCen Lib/Ret
040 _aDPL
_bHN
_c0
082 _a
_bकारन्त
100 _aकारन्त, के.शिवराम
_945673
245 _aमूकज्जी :
_cके.शिवराम कारन्त
_bएक अतीन्द्रिय कथालोक /
246 _aMookajji : ek ateendriy kathalok /
_bby K.Shivram Karant
250 _aसातवाँ संस्करण
260 _aनयी दिल्ली
_bभारतीय ज्ञानपीठ
_c2001
270 _bनयी दिल्ली
_a18, इंस्टीट्यूशनल एरिया, लोदी रोड
_e110003
300 _a223पृ.
_c21सेमी(सजिल्द)
650 _aहिन्दी साहित्य
_975267
650 _aहिन्दी -- उपन्यास
_975268
650 _aHindi literature
_975269
650 _aHindi -- Fiction
_927248
942 _2ddc
_cHN
_h
_mकारन्त